000 00433cas a2200169 a 4500
022 _a0961-2025
040 _cCUI
082 0 0 _a305 TRI 1992 A011 Or.
245 0 0 _aWomen's history review
246 1 0 _aWomen's history
260 _aWallingford, Oxfordshire, U.K. :
_bTriangle Journals Ltd.,
_c1992-
300 _av. :
_bill. ;
_c24 cm
500 _aTitle from cover
650 0 _aWomen
650 0 _aWomen's studies
942 _cEK
999 _c13550
_d13550